Relaciones ONGs y Estado en desarrollo sostenible en Colombia : (Registro nro. 152)
[ vista simple ]
| 000 -CABECERA | |
|---|---|
| Campo de control | 00996nam a2200241 a 4500 |
| 005 - FECHA Y HORA DE LA ULTIMA TRANSACCION | |
| Campo de control | 20200104041507.0 |
| 008 - ELEMENTOS DE LONGITUD FIJA—INFORMACION GENERAL | |
| Campo de control | 140219t1995 ck d fr|||| 00| 0 spa d |
| 020 ## - ISBN | |
| ISBN | 9586440397 |
| 040 ## - FUENTE DE CATALOGACIÓN | |
| Agencia catalogadora original | CO-BoIAVH |
| Agencia transcriptora | CO-BoIAVH |
| 041 0# - IDIOMA | |
| Código de idioma para texto/pista de sonido o título separado | Español |
| 044 ## - PAÍS DE PUBLICACIÓN | |
| País de publicación | Colombia |
| 082 04 - NUMERO DE CLASIFICACION DECIMAL DEWEY | |
| Número de clasificación | 351.06 |
| Número del ítem | R38r |
| 111 2# - ASIENTO PRINCIPAL--NOMBRE DE REUNION | |
| Nombre de reunión o de jurisdicción como elemento de entrada | Taller Relaciones ONGs y Estado en Desarrollo Sostenible |
| Lugar de la reunión | Colombia |
| 9 (RLIN) | 47766 |
| 245 1# - MENCION DE TITULO | |
| Título | Relaciones ONGs y Estado en desarrollo sostenible en Colombia : |
| Parte restante del título | seminario taller internacional / |
| Mención de responsabilidad | CINEP IICA, Maestría en Desarrollo Sostenible de Sistemas Agrarios, Convenio Universidad Javeriana, CIPAV, IMCA |
| 260 ## - PUBLICACION, DISTRIBUCION, ETC. (PIE DE IMPRENTA) | |
| Lugar de publicación, distribución, etc. | Bogotá : |
| Nombre del editor, distribuidor, etc. | CINEP : |
| -- | Pontificia Universidad Javeriana: |
| -- | CIPAV IICA : |
| -- | IMCA, |
| Fecha de publicación, distribución, etc. | 1995. |
| 300 ## - DESCRIPCION FISICA | |
| Extensión | 176 páginas : |
| Otros detalles físicos | Cuadros ; |
| Dimensiones | 25 x 17 cm. |
| 650 #6 - ASIENTO SECUNDARIO DE MATERIA - TERMINO TEMATICO | |
| Término temático o nombre geográfico como elemento de entrada | Desarrollo sostenible |
| 9 (RLIN) | 278 |
| 650 #6 - ASIENTO SECUNDARIO DE MATERIA - TERMINO TEMATICO | |
| Término temático o nombre geográfico como elemento de entrada | Política agropecuaria |
| 9 (RLIN) | 47768 |
| 650 #6 - ASIENTO SECUNDARIO DE MATERIA - TERMINO TEMATICO | |
| Término temático o nombre geográfico como elemento de entrada | Participación comunitaria |
| 9 (RLIN) | 47769 |
| 650 #4 - ASIENTO SECUNDARIO DE MATERIA - TERMINO TEMATICO | |
| Término temático o nombre geográfico como elemento de entrada | Organizaciones no gubernamentales |
| Subdivisión geográfica | Colombia |
| 9 (RLIN) | 47770 |
| 662 ## - ASIENTO SECUNDARIO DE MATERIA - JERARQUIA DEL NOMBRE DE LUGAR( | |
| País o entidad mayor | Colombia |
| 942 ## - ELEMENTOS ADICIONALES (KOHA) | |
| Tipo de ítem | Libro |
| Sistema de clasificación | Dewey Decimal Classification |
| Withdrawn status | Lost status | Sistema de Clasificación | Damaged status | No para préstamo | Colección | Inventariado | Ubicación Permanente | Ubicación actual | Fecha de adquisición | Fuente de Valor | Valor | Total Checkouts | Número topográfico | Inventario / Código de Barras | Date last seen | Ejemplar | Price effective from | Forma de adquisición | Tipo de material |
|---|---|---|---|---|---|---|---|---|---|---|---|---|---|---|---|---|---|---|---|
| Dewey Decimal Classification | General | Inventariado 2017 | Bogotá | Bogotá | 23/12/1997 | Instituto | 39000.00 | LB-351.06 R38r | 000189 | 04/12/2012 | Ej. 1 | 04/12/2012 | Libro |